| 000 | 00508nam a2200145Ia 4500 | ||
|---|---|---|---|
| 008 | 220216s9999 xx 000 0 und d | ||
| 100 |
_aDHont A _cet al |
||
| 245 | 0 | _aIdentification and characterisation of sugarcane intergeneric hybrids, Saccharum officinarum x Erianthus arundinaceus, with molecular markers and DNA in situ hybridisation | |
| 260 |
_bTheoretical and Applied Genetics _c1995 |
||
| 300 | _a320-326 | ||
| 650 | _aIn situ hybridization | ||
| 650 | _aRFLP | ||
| 650 | _aSTS-PCR | ||
| 942 | _cJS | ||
| 999 |
_c60588 _d60588 |
||